| 000 | 00480nam a2200193Ia 4500 | ||
|---|---|---|---|
| 001 | 15052 | ||
| 003 | GE_BSU | ||
| 008 | 181216s||||||||xx |||||||||||||| ||und|| | ||
| 040 | _cGE_BSU | ||
| 100 | _aВиноградов, И.М. | ||
| 245 | _aОсновы теории чисел. | ||
| 250 | _a9-е изд. | ||
| 260 | _aМосква | ||
| 260 | _bНаука | ||
| 260 | _c1981 | ||
| 300 | _a174стр.20см. | ||
| 653 | _aОсновы теории чисел. | ||
| 942 | _cBK | ||
| 999 |
_c48170 _d48170 |
||